Statistics for Indian Premier League (IPL) Cricket Team Captains 2012

Click here to take the quiz!

General Stats

  • This quiz has been taken 962 times
    (961 since last reset)
  • The average score is 5 of 9

Answer Stats

Team Name Captain % Correct
Chennai Super KingsMahendra Singh Dhoni
95%
Kolkata Knight RidersGautam Gambhir
72%
Delhi DaredevilsVirender Sehwag
62%
Rajasthan RoyalsRahul Dravid
62%
Kings XI PunjabAdam Gilchrist
54%
Pune Warriors IndiaSourav Ganguly
42%
Mumbai IndiansHarbhajan Singh
41%
Deccan ChargersKumar Sangakkara
29%
Royal Challengers BangaloreDaniel Vettori
23%

Score Distribution

Percentile by Number Answered

Percent of People with Each Score

Your Score History

You have not taken this quiz since the last reset